| 000 | 00942cam a2200277 a 4500 | ||
|---|---|---|---|
| 001 | 14258644 | ||
| 005 | 20170105102934.0 | ||
| 008 | 060208s2005 nyuab b 001 0 eng | ||
| 010 | _a 2004195113 | ||
| 020 | _a0500251258 | ||
| 020 | _a9780500251256 | ||
| 035 | _a(OCoLC)ocm62267676 | ||
| 040 |
_aARL _cARL _dBAKER _dVP@ _dDLC |
||
| 042 | _alccopycat | ||
| 050 | 0 | 0 |
_aD25 _b.S447 2005 |
| 082 | 0 | 4 |
_a355.409 _222 _bSEV 2005 |
| 245 | 0 | 4 |
_aThe seventy great battles in history / _cedited by Jeremy Black. |
| 260 |
_aNew York : _bThames & Hudson, _c2005. |
||
| 300 |
_a304 p. : _bill. (chiefly col.), col. maps ; _c27 cm. |
||
| 504 | _aIncludes bibliographical references (p. 291-296) and index. | ||
| 650 | 0 |
_aBattles _xHistory. |
|
| 700 | 1 |
_aBlack, Jeremy, _d1955- |
|
| 906 |
_a7 _bcbc _ccopycat _d2 _encip _f20 _gy-gencatlg |
||
| 942 |
_2ddc _cBK |
||
| 999 |
_c16164 _d16164 |
||